UBT Library

Governmental and nonprofit accounting : (Record no. 42575)

000 -LEADER
fixed length control field 01022cam a22003014a 4500
001 - CONTROL NUMBER
control field 13901039
005 - DATE AND TIME OF LATEST TRANSACTION
control field 20180215033645.0
008 - FIXED-LENGTH DATA ELEMENTS--GENERAL INFORMATION
fixed length control field 050316s2006 njua b 001 0 eng
010 ## - LIBRARY OF CONGRESS CONTROL NUMBER
LC control number 2005045931
020 ## - INTERNATIONAL STANDARD BOOK NUMBER
International Standard Book Number 0131851292 (alk. paper)
020 ## - INTERNATIONAL STANDARD BOOK NUMBER
International Standard Book Number 9780131851290 (alk. paper)
035 ## - SYSTEM CONTROL NUMBER
System control number (OCoLC)ocm58546155
035 ## - SYSTEM CONTROL NUMBER
System control number (OCoLC)58546155
040 ## - CATALOGING SOURCE
Original cataloging agency DLC
Transcribing agency DLC
Modifying agency BAKER
-- C#P
-- BTCTA
-- YDXCP
-- DLC
041 ## - LANGUAGE CODE
Language code of text/sound track or separate title eng
042 ## - AUTHENTICATION CODE
Authentication code pcc
043 ## - GEOGRAPHIC AREA CODE
Geographic area code n-us---
080 ## - UNIVERSAL DECIMAL CLASSIFICATION NUMBER
Universal Decimal Classification number 657.83500973 FRE
082 00 - DEWEY DECIMAL CLASSIFICATION NUMBER
Classification number 657.83500973 FRE
Edition number 22
100 1# - Rafti
Rafti 62
101 ## - Shkurtesa
Shkurtesa AUD
245 10 - TITLE STATEMENT
Title Governmental and nonprofit accounting :
Statement of responsibility, etc Robert J. Freeman, Craig D. Shoulders, Gregory S. Allison.
246 3# - VARYING FORM OF TITLE
Title proper/short title Governmental and non profit accounting
504 ## - BIBLIOGRAPHY, ETC. NOTE
Bibliography, etc Includes bibliographical references and index.
906 ## - LOCAL DATA ELEMENT F, LDF (RLIN)
a 7
b cbc
c orignew
d 1
e ocip
f 20
g y-gencatlg
942 ## - ADDED ENTRY ELEMENTS (KOHA)
Source of classification or shelving scheme
Item type Books
Holdings
Withdrawn status Lost status Source of classification or shelving scheme Damaged status Not for loan Collection code Permanent location Current location Shelving location Date acquired Total Checkouts Full call number Barcode Date last seen Price effective from Koha item type
          Koleksioni i përgjithshem UBT - Lipjan UBT - Lipjan Koleksioni i përgjithshem 02/15/2018   657.83500973 FRE 002-2998548 02/15/2018 02/15/2018 Books
UBT Library © 2015-2024. All rights reserved University Education for Business and Technology